000 00590nam a2200229Ia 4500
003 OSt
005 20220918220051.0
006 a|||||r|||| 00| 0
007 ta
008 220917b |||||||| |||| 00| 0 eng d
024 _a144,259
037 _cTextual
040 _aARTS
_cARTS
_beng
041 _2eng
_aeng
082 _aY133:52, K1
100 _aSelf Peter
_9120921
245 0 _aCities in flood
_bThe prroblems of urban growth
260 _aNA
_bNA
_c1961
650 _aSOCIOLOGY
942 _hY133:52, K1
_cTEXL
_2CC
999 _c267173
_d267173